00663nam a2200157 4500003000900000020001800009040002800027082001500055100004300070245019100113250003800304260005500342300001100397650003100408700006600439CO-ViMGA a9789582005818 aCO-ViMGAbspacCO-ViMGA04a371bCH46e1 aChinchilla Gutiérrez, Víctor Jairo10aEducación Física, Recreación y deportes bLineamientos Curriculares cAutores: Chinchilla Gutiérrez, Víctor Jairo; Gómez Ávila, Laureano; Sánchez Heredia, Henry Humberto  aCooperativa Editorial Magisterio  aColombia bCooperativa Editorial Magisterio c2000 a136 p;14aLineamientos Curriculares 1 aGómez Ávila, Laureano; Sánchez Heredia, Henry Humberto